DAWNA NAZWA RESTAURACJI: - Statystyki

Ogólne statystyki
  • Ten quiz został rozwiązany 16 razy
  • Średni wynik to 3 z 5
Statystyki odpowiedzi
Odpowiedź % Poprawnych
KARCZMA
83%
OBERŻA
67%
ZAJAZD
58%
GOSPODA
33%
SZYNK
33%
Nie znaleziono quizów pasujących do podanych kryteriów
Rozkład punktacji
Procent ludzi z każdym wynikiem
Percentyl według liczby udzielonych odpowiedzi
Twoja historia wyników
Nie rozwiązałeś tego quizu